Guerre civiles en France. - Statistiques

Statistiques générales
  • Ce quiz a été pris 269 fois
  • Le résultat moyen est 5 sur 9
Statistiques - réponses
Date Guerre % Correct
1954-1962 Guerre d'Algérie
94%
1871 Commune de Paris
82%
1702-1704 Guerre des Cévennes
63%
1562-1598 Guerres de religions
63%
1793-1796 Guerre de Vendée
60%
1407-1435 Guerre entre Armagnacs et Bourguignons
49%
1648-1653 La Fronde
48%
1209-1229 Croisade des albigeois
23%
1358 Grande Jacquerie
23%
Aucun quiz correspondant
Distribution des résultats
% des personnes avec chaque résultat
Percentile par nombre de réponses
Votre historique - résultats
Vous n’avez pas pris ce quiz